International evaluation of neutron cross-section standards /

Cross-section standards are required to be of high quality and accuracy to form the foundation of a wide range of important nuclear measurements and evaluations for both energy and non-energy applications. They constitute the yardstick for all other nuclear physics measurements. These standards have...

Full description

Bibliographic Details
Main Author: Nichols, A. L.
Corporate Author: International Atomic Energy Agency
Format: Book
Language:English
Published: Vienna, Austria : International Atomic Energy Agency, 2007.
Subjects:
Online Access:Connect to online resource

MARC

Tag First Indicator Second Indicator Subfields
LEADER 00000cam a2200000Ia 4500
001 in00002389913
005 20151109062723.0
008 080116s2007 au a b 000 0 eng
020 |a 9201008074 
020 |a 9789201008077 
029 0 |a NZ1  |b 11607906 
035 |a (OCoLC)ocn190844242 
035 |a (OCoLC)190844242 
040 |a Nz  |c NZLNU  |d BAKER  |d AZS  |d BTCTA  |d COD  |d UIU  |d TXA  |d UtOrBLW 
049 |a TXAM 
090 |a QC793.5.N4628  |b N57 2007 
092 0 |a 539.7213  |b N515i  |2 22 
100 1 |a Nichols, A. L. 
245 1 0 |a International evaluation of neutron cross-section standards /  |c [A.L. Nichols]. 
264 1 |a Vienna, Austria :  |b International Atomic Energy Agency,  |c 2007. 
300 |a 173 pages :  |b illustrations (some color) ;  |c 30 cm. 
336 |a text  |b txt  |2 rdacontent 
337 |a unmediated  |b n  |2 rdamedia 
338 |a volume  |b nc  |2 rdacarrier 
500 |a STI/PUB/1291 
504 |a Includes bibliographical references. 
505 2 |a Introduction / A.D. Carlson -- Evaluation methodology and codes / V.G. Pronyaev, ... [et al.] -- The experimental database / A.D. Carlson, ... [et al.] -- Microscopic nuclear models and light element standard cross-sections / H.M. Hofmann, G.M. Hale -- R matrix theory and light element standards evaluation / G.M. Hale, ... [et al.] -- Perspectives on Peelle's pertinent puzzle / D.L. Smith, ... [et al.] -- Results of the evaluation : comparisons with previous standards and experimental data / V.G. Pronyaev, .. [et al.] -- Resulting standards data / V.G. Pronyaev, ... [et al.] -- Justification for recommended uncertainties / V.G. Pronyaev, ... [et al.]. 
520 |a Cross-section standards are required to be of high quality and accuracy to form the foundation of a wide range of important nuclear measurements and evaluations for both energy and non-energy applications. They constitute the yardstick for all other nuclear physics measurements. These standards have been re-assessed and evaluated to make significant improvements in the data, and to take into account important new experimental data and improved evaluation techniques. The methods employed were the most sophisticated ever used in cross-section evaluations. These present standards are more accurate than all earlier versions, and the given errors are well justified in the context of contemporary data and evaluation methodology. --Publisher's description. 
530 |a Available both in print and online. 
650 0 |a Neutron cross section standards  |x Evaluation. 
710 2 |a International Atomic Energy Agency. 
856 4 1 |u http://www-pub.iaea.org/MTCD/publications/PDF/Pub1291_web.pdf  |z Connect to online resource  |t 0 
938 |a Baker & Taylor  |b BKTY  |c 86.00  |d 86.00  |i 9201008074  |n 0007539778  |s active 
938 |a Baker and Taylor  |b BTCP  |n BK0007539778 
948 |a cataloged  |b h  |c 2008/6/6  |d c  |e ceaton  |f 2:37:07 pm 
994 |a C0  |b TXA 
999 |a MARS 
999 f f |s b2902895-6f86-349b-8b42-08b810016036  |i fe0aa6c3-bdcd-31a2-bc26-f027c3475a40  |t 0 
952 f f |p normal  |a Texas A&M University  |b College Station  |c Sterling C. Evans Library  |d Evans: Library Stacks  |t 0  |e QC793.5.N4628 N57 2007  |h Library of Congress classification  |i unmediated -- volume  |m A14837155231 
998 f f |a QC793.5.N4628 N57 2007  |t 0  |l Evans: Library Stacks